| 000 | 00657nam a2200193Ia 4500 | ||
|---|---|---|---|
| 003 | GCL | ||
| 008 | 140319s9999 xx 000 0 ara d | ||
| 040 |
_aGCL / _cGCL |
||
| 082 | 0 | 4 |
_aق _b913.02 _bس ا |
| 100 | 1 | _aسليم حسن | |
| 245 | 1 | 0 |
_aاقسام مصر الجغرافية فى العهد الفرعونى / _cسليم حسن |
| 260 |
_aالقاهرة : _bالمطبعة العصرية |
||
| 300 |
_a104 ص ؛ _c24 سم |
||
| 650 | 0 | 4 | _aمصر - الجغرافيا التاريخية |
| 650 | 0 | 4 | _aمصر - الخرائط |
| 650 | 0 | 4 | _aمصر القديمة - تاريخ |
| 650 | 0 | 4 | _aمصر - الوصف الجغرافى |
| 942 |
_2ddc _cBK |
||
| 999 |
_c36547 _d36547 |
||